000 00805cab a2200241 4500
001 WB3517-10
008 090401t1999 xxu||||| |||| 00| 0 eng d
035 _a(Sirsi) u93151
041 _aeng
245 _aTraffic noise
260 _c1999
350 _a0
490 _aMunicipal Journal
_v30 April 1999, 7
490 _aEstates Gazette
_v(9917) 1 May 1999, 125(1)
520 _aThe high court has cleared Haringey LBC for failing to take sound proofing action following traffic noise complaints from tenants. This test case could effect councils across the country.
650 _aENVIRONMENTAL PROTECTION ACT 1990
650 _aNOISE ABATEMENT
650 _aNOISE POLLUTION
650 _aTRAFFIC NOISE
690 _aENVIRONMENTAL AND LAND CONSULTANCY
942 _n0
948 _c06/05/1999
999 _c59035
_d59035